| 000 | 00470 a2200217 4500 | ||
|---|---|---|---|
| 260 | _aLondres | ||
| 100 | _aDOXEY, D.L. | ||
| 260 | _bB. Tindall | ||
| 245 | _aClinical pathology and diagnostic procedures | ||
| 300 | _aviii-320 p. | ||
| 650 | _aSANTE ANIMALE | ||
| 650 | _aPATHOLOGIE | ||
| 260 | _c1983 | ||
| 300 | _bill. | ||
| 130 | _lEn | ||
| 250 | _a2e éd. | ||
| 690 | _aPathologie animale | ||
| 020 | _a0 7020 0956 3 | ||
| 999 |
_c22650 _d22650 |
||